Städte und Gemeinden in Schleswig-Holstein - Sudden Death #2 - Statistiken

Allgemein
  • Dieses Quiz wurde 188 mal gespielt
  • Das Durchschnittsergebnis liegt bei 6 aus 21
Answers on the Grid
Answers color-coded by a green-red scale on the quiz's grid according to % correct below.
Handewitt
Kropp
Büchen
Mölln
Lübeck
Wandsbek
Hannover
Neumünster
Münster
Altomünster
Bechtendorf
Itzehoe
Tönning
Brachenfeld
Glinde
Ratzeburg
Wismar
Hagen
Wakendorf I
Wakendorf II
Wakendorf III
Krems I
Krems II
Rendsburg
Kaltenkirchen
Eidertal
Reinbek
Rausbek
Gröde
Samoa
Preetz
Pansdorf
Schwartau
Sandesneben
Ahrensburg
Stade
 
Antwortstatistiken
Antwort % Korrekt
kreisfreie Großstadt Lübeck
63%
kreisfreie Mittelstadt Neumünster
58%
Kreisstadt des Kreises Steinburg Itzehoe
54%
Stadt im Kreis Rendsburg-Eckernförde Rendsburg
45%
Kreisstadt des Kreises Herzogtum Lauenburg Ratzeburg
40%
Stadt im Kreis Herzogtum Lauenburg Mölln
37%
Stadt im Kreis Stormarn Ahrensburg
35%
Stadt im Kreis Stormarn Reinbek
33%
Stadt im Kreis Segeberg Kaltenkirchen
31%
Stadt im Kreis Plön Preetz
27%
Stadt im Kreis Nordfriesland Tönning
26%
Gemeinde im Kreis Schleswig-Flensburg Handewitt
25%
Stadt im Kreis Stormarn Glinde
20%
Gemeinde im Kreis Schleswig-Flensburg Kropp
16%
Gemeinde im Kreis Segeberg Wakendorf II
14%
Gemeinde im Kreis Herzogtum Lauenburg Büchen
12%
Gemeinde im Kreis Segeberg Wakendorf I
11%
Gemeinde (Hallig) in der Nordsee (Kreis Nordfriesland) Gröde
8%
Gemeinde im Kreis Segeberg Hagen
6%
Gemeinde im Kreis Segeberg Krems II
6%
Gemeinde im Kreis Herzogtum Lauenburg Sandesneben
4%
Keine übereinstimmenden Quizze gefunden
Verteilung der Resultate
Anzahl Personen mit jedem Resultat
Perzentil nach korrekt beantworteten Fragen
Ihre Resultats-Entwicklung
Sie haben dieses Quiz noch nicht gespielt